LEADER 02547nam0 22004573i 450 001 SBL0287631 005 20251003044351.0 010 $a8820421488 020 $aIT$b818781 100 $a20060213d1981 ||||0itac50 ba 101 | $aita$cita 102 $ait 181 1$6z01$ai $bxxxe 182 1$6z01$an 183 1$6z01$anc$2RDAcarrier 200 1 $aˆLa ‰crisi delle partecipazioni statali$emotivi e prospettive$fdi Giuseppe Bognetti ... [et al.]$ga cura di Emilio Gerelli e Giuseppe Bognetti 210 $aMilano$cAngeli$d1981 215 $a240 p.$d22 225 | $aCollana dell'Istituto di finanza dell'Università di Pavia$v8 300 $aAtti del Congresso tenuto a Pavia nel 1980 300 $aNell'occhietto: Camera di commercio industria artigianato e agricoltura di Pavia. 410 0$1001CFI0079593$12001 $aCollana dell'Istituto di finanza dell'Università di Pavia$v8$171201$aUniversità degli studi$c $b : Istituto di finanza$3CFIV050371 500 11$aˆLa ‰crisi delle partecipazioni statali.$3MSE0083631$9463105 606 $aPartecipazioni statali$xCongressi$x1980$2FIR$3SBLC004557$9I 676 $a330.126$9ECONOMIE MISTE$v21 676 $a338.9$9SVILUPPO ECONOMICO$v23 696 $aConvegni$aCongressi e convegni$aPartecipazioni dello Stato 699 $aCongressi$yConvegni 699 $aCongressi$yCongressi e convegni 699 $aPartecipazioni statali$yPartecipazioni dello Stato 702 1$aGerelli$b, Emilio$3CFIV030125 702 1$aBognetti$b, Giuseppe$f <1937- >$3CFIV058877 801 3$aIT$bIT-000000$c20060213 850 $aIT-BN0095 $aIT-NA0452 901 $bNAP IS$cISFSE $nSezione di materie economiche e sociali dell' ex Istituto sulle strutture finanziarie e lo sviluppo economico 901 $bNAP 01$cPOZZO LIB.$nVi sono collocati fondi di economia, periodici di ingegneria e scienze, periodici di economia e statistica e altri fondi comprendenti documenti di economia pervenuti in dono. 912 $aSBL0287631 950 0$aBiblioteca Centralizzata di Ateneo$c1 v. in due copie$d 01POZZO LIB.F. PARRAVICINI 72$e 0101 0600159245E VMA 1 v. (Precedente collocazione P 69)$fB $h20220721$i20220721$c1 v. in due copie$d 01POZZO LIB.F. PARRAVICINI 72$e 0101 0600164275E VMA (bis 1 v. (2. copia. - Precedente collocazione P. 571)$fB $h20231018$i20231018 977 $a 01$a IS 996 $aCrisi delle partecipazioni statali$9463105 997 $aUNISANNIO